Christopher Nolan Actors - Sudden Death - Statistics

General Stats
  • This quiz has been taken 208 times
  • The average score is 8 of 14
Answers on the Grid
Answers color-coded by a green-red scale on the quiz's grid according to % correct below.
Heath Ledger
Rowan Atkinson
Ken Watanabe
Dave Franco
Cate Blanchett
William Shatner
Robin Williams
Hilary Swank
Ansel Elgort
Paul Newman
Matt Damon
Liam Neeson
Alison Brie
Justin Timberlake
Guy Pearce
Tom Berenger
Dave Bautista
Patrick Swayze
Morgan Freeman
Jensen Ackles
Michael Rooker
Channing Tatum
Christian Bale
Michael Clarke Duncan
John David Washington
Aaron Taylor-Johnson
Jason Momoa
Zac Efron
Cillian Murphy
Harry Styles
 
Answer Stats
Answer % Correct
Heath Ledger
96%
Cillian Murphy
86%
Christian Bale
80%
Matt Damon
71%
Morgan Freeman
71%
Liam Neeson
57%
Guy Pearce
56%
John David Washington
55%
Harry Styles
51%
Ken Watanabe
50%
Robin Williams
46%
Aaron Taylor-Johnson
29%
Tom Berenger
28%
Hilary Swank
24%
No matching quizzes found
Score Distribution
Percent of People with Each Score
Percentile by Number Answered
Your Score History
You have not taken this quiz